000 01541cam a2200397 a 4500
999 _c134
_d134
001 016715600
003 ALUPE UNIVERSITY
005 20210603125858.0
008 070405s2008 mau b 001 0 eng
010 _a2007014212
020 _a9781405154970 (pbk. : alk. paper)
035 _a14797148
040 _aDLC
_cDLC
_dDLC
043 _ad------
050 0 0 _aHD82
_b.S416 2008
050 0 4 _aHD82
_bSEI
082 0 0 _a338.9
_222
100 1 _aSeitz, John L.,
_d1931-
245 1 0 _aGlobal issues :
_ban introduction /
_cJohn L. Seitz.
250 _a3rd ed.
260 _aMalden, MA :
_bBlackwell Pub.,
_c2008.
300 _axvii, 308 p. :
_bill.
_c25 cm.
500 _aPrev. ed.: 2002.
504 _aIncludes bibliographical references and index.
505 0 _aIntroduction: The creation of global issues -- Wealth and poverty -- Population -- Food -- Energy -- The environment -- Technology -- Alternative futures.
650 0 _aEconomic development.
650 0 _aEconomic history
_y1945-
651 0 _aDeveloping countries
_xEconomic policy.
651 0 _aDeveloping countries
_xEconomic conditions.
856 4 2 _3Contributor biographical information
_uhttp://www.loc.gov/catdir/enhancements/fy0827/2007014212-b.html
856 4 2 _3Publisher description
_uhttp://www.loc.gov/catdir/enhancements/fy0827/2007014212-d.html
856 4 1 _3Table of contents only
_uhttp://www.loc.gov/catdir/toc/ecip0715/2007014212.html
942 _2lcc
_cBK
_nJO